[Event "Extraliga CZE 2004-5"]
[Site "Czech Rep CZE"]
[Date "2004.12.04"]
[Round "3"]
[White "Zezulkin,J"]
[Black "Berzinsh,R"]
[Result "0-1"]
[WhiteElo "2547"]
[BlackElo "2447"]

1.e4 c5 2.Nc3 Nc6 3.Nf3 e6 4.d4 cxd4 5.Nxd4 Qc7 6.Be3 a6 7.Bd3 Nf6 8.O-O Nxd4
9.Bxd4 Bc5 10.Bxc5 Qxc5 11.Kh1 d6 12.f4 e5 13.Qe1 Be6 14.Qh4 exf4 15.Qxf4 Qe5
16.Qh4 h6 17.Rae1 O-O 18.Ne2 Qxb2 19.e5 Qxe5 20.Nd4 Qg5 21.Qxg5 hxg5 22.Nxe6 fxe6
23.Rxe6 Rad8 24.Re7 Rf7 25.Ree1 Rc7 26.Rf5 Rc5 27.Rff1 Re8 28.Rxe8+ Nxe8
29.Kg1 Nf6 30.a4 Kf7 31.Rb1 Rc7 32.Be4  0-1

[Event "Open"]
[Site "Porec HUN"]
[Date "2004.12.04"]
[Round "6"]
[White "Fercec,N"]
[Black "Cherin,D"]
[Result "1-0"]
[WhiteElo "2477"]
[BlackElo "2272"]

1.e4 c5 2.Nf3 e6 3.d4 cxd4 4.Nxd4 Nc6 5.Nc3 a6 6.Be3 Nf6 7.Bd3 d5 8.exd5 Nxd5
9.Nxd5 Qxd5 10.Nxc6 bxc6 11.O-O Bb7 12.c4 Qd7 13.Qc2 c5 14.Be4 f5 15.Bxb7 Qxb7
16.Rfe1 Kf7 17.Bf4 Be7 18.Be5 Qc6 19.Re3 h5 20.Rae1 Rh6 21.Rg3 g5 22.Rd3 h4
23.f3 Rg6 24.h3 Rd8 25.Rxd8 Bxd8 26.Rd1 Be7 27.Rd2 Rg8 28.Qd1 g4 29.fxg4 fxg4
30.hxg4 Bg5 31.Rd7+ Ke8 32.Rc7  1-0

[Event "TCh-SWE Elitserien 2004-5"]
[Site "Stockholm/Eksjo SWE"]
[Date "2004.12.04"]
[Round "4"]
[White "Berg,E"]
[Black "Von Bahr,O"]
[Result "1-0"]
[WhiteElo "2529"]
[BlackElo "2314"]

1.e4 c5 2.Nf3 e6 3.d4 cxd4 4.Nxd4 Nc6 5.Nc3 Qc7 6.Be3 Nf6 7.f4 Bb4 8.Qd3 d5
9.e5 Ne4 10.Be2 Bd7 11.O-O Nxd4 12.Bxd4 Bxc3 13.bxc3 Rc8 14.Rf3 Qa5 15.Qe3 g6
16.Bd3 Nxc3 17.a4 Ne4 18.Bxe4 dxe4 19.Rf2 Rc4 20.Bxa7 Qc3 21.Qxc3 Rxc3 22.Bd4 Rc4
23.c3 Rxa4 24.Rxa4 Bxa4 25.Ra2 b5 26.Kf2 Kd7 27.Ke3 Rc8 28.Kxe4 Bb3 29.Ra7+ Rc7
30.Ra5 Bd5+ 31.Ke3 Bxg2 32.Rxb5 Bc6 33.Ra5 Bd5 34.Ra6 Rc6 35.Ra3 Rc7 36.Ra5 h6
37.Bc5 g5 38.f5 Rb7 39.Bb4 Bc6 40.f6 Bd5 41.Kd4 Rc7 42.Bd6 Rc4+ 43.Kd3 Rf4
44.Ra7+ Ke8 45.Re7+ Kf8 46.Rc7+ Kg8 47.c4 Be4+ 48.Ke3 h5 49.c5 Rh4 50.c6 g4
51.Rc8+ Kh7 52.c7 Bb7 53.Rb8 Ba6 54.c8=Q Bxc8 55.Rxc8 Rxh2 56.Rf8 Kg6 57.Rg8+ Kf5
58.Rg7 Rh3+ 59.Kd4 g3 60.Rxf7 Rh4+ 61.Kc3  1-0

[Event "TCh-BEL 2004-5"]
[Site "Belgium BEL"]
[Date "2004.12.05"]
[Round "5"]
[White "Bobras,P"]
[Black "Ooms,A"]
[Result "1-0"]
[WhiteElo "2453"]
[BlackElo "2195"]

1.e4 c5 2.Nf3 e6 3.d4 cxd4 4.Nxd4 Nc6 5.Nc3 Qc7 6.Be3 a6 7.Bd3 b5 8.O-O Bb7
9.Qe2 Nxd4 10.Bxd4 e5 11.Nd5 Qb8 12.Bc3 f6 13.f4 Bc5+ 14.Kh1 Bxd5 15.exd5 d6
16.b4 Bb6 17.Qh5+ Kf8 18.fxe5 dxe5 19.Bxe5 Bc7 20.Bd4 Bd6 21.c3 Qe8 22.Qh4 Ne7
23.Rxf6+  1-0

[Event "ch-USA Rapid Playoff Women"]
[Site "San Diego USA"]
[Date "2004.12.05"]
[Round "1"]
[White "Abrahamyan,T"]
[Black "Goletiani,R"]
[Result "0-1"]
[WhiteElo "2238"]
[BlackElo "2336"]

1.e4 c5 2.Nf3 e6 3.d4 cxd4 4.Nxd4 Nc6 5.Nc3 Qc7 6.Be3 a6 7.Bd3 Nf6 8.O-O h5
9.h3 Nxd4 10.Bxd4 Bc5 11.Bxc5 Qxc5 12.Qe2 d6 13.a4 b6 14.Rad1 Bb7 15.Rfe1 h4
16.Qd2 Rc8 17.Be2 Ke7 18.Bf3 Ba8 19.Re3 b5 20.axb5 axb5 21.Ne2 Rhd8 22.Nd4 g6
23.Qe2 e5 24.Nxb5 Qxc2 25.Rd2 Qc4 26.Nc3 Qxe2 27.Rexe2 Rc4 28.Re3 Nd7 29.Nd5+ Bxd5
30.exd5 Rb8 31.Ree2 f5 32.g3 hxg3 33.fxg3 e4 34.Bg2 Kf6 35.g4 Ke5 36.Kf2 Nc5
37.Kg3 f4+ 38.Kh2 g5 39.h4 gxh4 40.Kh3 Rh8 41.Bf1  0-1

[Event "It Chiburdanidze"]
[Site "Tblisi GEO"]
[Date "2004.12.05"]
[Round "3"]
[White "Khukhashvili,S"]
[Black "Javakhishvili,L"]
[Result "1/2-1/2"]
[WhiteElo "2256"]
[BlackElo "2423"]

1.e4 c5 2.Nf3 e6 3.d4 cxd4 4.Nxd4 Nc6 5.Nc3 Qc7 6.g3 a6 7.Bg2 Nf6 8.O-O d6
9.Nxc6 bxc6 10.Na4 Nd7 11.Be3 Rb8 12.b3 c5 13.c4 Be7 14.f4 Bb7 15.Rc1 Rd8
16.g4 h6 17.Nc3 Nb8 18.Qf3 Nc6 19.Qh3 Nd4 20.f5 Kd7 21.fxe6+ fxe6 22.Bxd4 cxd4
23.Nd5 Qa5 24.b4 Qxa2 25.Rf2 Qxf2+ 26.Kxf2 Bg5 27.Rd1 exd5 28.Rxd4 Rhf8+
29.Kg1 Rf4 30.Qg3 Rdf8 31.cxd5 Bf6 32.Rd1 Be5 33.Qh3 Ke7 34.Qe3 Bc8 35.h3 Bd7
36.Qa7 Rc8 37.Rf1 Rc4 38.Qb7 g5 39.Rxf4 gxf4 40.Bf1 Bd4+ 41.Kh1 Rc1 42.Qxa6 h5
43.Qd3 Be3 44.Qe2 hxg4 45.hxg4 Kf6 46.Kh2 Kg5 47.Qb2 Bxg4 48.Bh3 Bxh3 49.Qg7+ Kh5
50.Qh7+ Kg5 51.Qxh3 Rc2+ 52.Kh1 Rc1+ 53.Kg2 Rg1+ 54.Kh2 Rg4 55.Qf3 Rg3 56.Qf1 Kg4
57.Qe2+ Kh4 58.Qe1 Kg4 59.Qe2+ Kh4 60.Qe1  1/2-1/2

[Event "3rd Subasic Mem"]
[Site "Zenica BIH"]
[Date "2004.12.06"]
[Round "2"]
[White "Trkulja,G"]
[Black "Radic,B"]
[Result "1-0"]
[WhiteElo "2312"]
[BlackElo "2100"]

1.e4 c5 2.Nf3 e6 3.d4 cxd4 4.Nxd4 Nc6 5.Nc3 Qc7 6.f4 a6 7.Nf3 d6 8.Bd3 Be7
9.O-O Nf6 10.Qe1 Nb4 11.Qg3 Nxd3 12.cxd3 O-O 13.Be3 b5 14.Rfc1 Qd7 15.Ne2 Bb7
16.Ned4 Rfc8 17.Rf1 Bf8 18.Qh4 b4 19.Ng5 h6 20.Ngf3 Qe7 21.g4 Nh7 22.Qg3 g6
23.Rf2 Bg7 24.Re1 a5 25.f5 Ba6 26.Rd1 e5 27.fxg6 fxg6 28.Nc2 Qe6 29.b3 Rc3
30.Nce1 Nf6 31.Bd2 Rxd3 32.Nxd3 Bxd3 33.Rg2 Bxe4 34.g5 Nh5 35.Qf2 Rf8 36.gxh6 Rxf3
37.Qh4 Bc2 38.Rc1 Bd3 39.hxg7 Qf5 40.Qd8+  1-0

[Event "Open"]
[Site "Banja Luka BIH"]
[Date "2004.12.08"]
[Round "5"]
[White "Borjanovic,V"]
[Black "Kontic,D"]
[Result "0-1"]
[WhiteElo "2095"]
[BlackElo "2326"]

1.e4 c5 2.Nf3 e6 3.d4 cxd4 4.Nxd4 Nc6 5.Nc3 a6 6.Be2 Qc7 7.Be3 Nf6 8.Nxc6 bxc6
9.f4 Bb4 10.Qd3 a5 11.Bf3 d5 12.e5 Nd7 13.a3 Ba6 14.Qd2 Bxc3 15.Qxc3 O-O
16.O-O-O a4 17.Bc5 Nxc5 18.Qxc5 Bc4 19.Kb1 Ra5 20.Qf2 Rb8 21.Ka1 Rab5 22.Rb1 Qb7
23.Qd4 Rb3 24.Rhd1 Qb5 25.Be2 Bxe2 26.cxb3 Qxb3 27.Rdc1 Bc4 28.Rxc4 dxc4
29.Rc1 c5 30.Qc3 Rd8 31.Qxc4 Rd2 32.Qxb3 axb3 33.Kb1 Rxg2 34.a4 Rxh2 35.Rxc5 h5
36.a5 Rd2 37.Kc1 Rd4 38.a6 Ra4 39.Rb5 Rxa6 40.Rxb3 Ra4 41.Rf3 Kf8 42.Kc2 Ke7
43.b3 Re4 44.Kd3 Re1 45.b4 g5 46.fxg5 Rxe5 47.Rg3 h4 48.Rg4 h3 49.g6 Rh5
50.g7 h2 51.g8=Q h1=Q 52.Kc3 Qa1+ 53.Kc4 Qa2+ 54.Kd3 Rh3+ 55.Ke4 Qe2+ 56.Kf4 Qf3+  0-1

[Event "Bykova Mem"]
[Site "Vladimir RUS"]
[Date "2004.12.08"]
[Round "2"]
[White "Shadrina,T"]
[Black "Kursova,M"]
[Result "0-1"]
[WhiteElo "2401"]
[BlackElo "2315"]

1.e4 c5 2.Nf3 e6 3.d4 cxd4 4.Nxd4 Nc6 5.Nc3 Qc7 6.g3 a6 7.Bg2 Nf6 8.O-O Bc5
9.Nb3 Be7 10.a4 d6 11.a5 Ne5 12.f4 Nc4 13.Qe2 e5 14.f5 Bd7 15.Rf3 h6 16.Na4 Nxa5
17.Nxa5 Qxa5 18.Bd2 Qd8 19.Rb3 b5 20.Nc3 O-O 21.g4 Bc6 22.g5 hxg5 23.Bxg5 Nd7
24.Bxe7 Qxe7 25.Nd5 Bxd5 26.exd5 Nf6 27.Rh3 Rfc8 28.Kh1 Rc4 29.Rg1 Rac8 30.Bf3 Rf4
31.Rg5 Rcc4 32.Qg2 Ne8 33.Qg3 Qf6 34.Rgh5 Kf8 35.Qg1 Rc5 36.Bg4 Nc7 37.c3 a5
38.Rh8+ Ke7 39.R3h5 b4 40.Rc8 bxc3 41.bxc3 Rfc4 42.Rh3 Qg5 43.Rg3 Rxc3 44.Rxc3 Rxc3
45.Be2 Qxg1+ 46.Kxg1 Nxd5  0-1

[Event "3rd Subasic Mem"]
[Site "Zenica BIH"]
[Date "2004.12.08"]
[Round "6"]
[White "Trkulja,G"]
[Black "Zivanic,M"]
[Result "0-1"]
[WhiteElo "2312"]
[BlackElo "2435"]

1.e4 c5 2.Nf3 e6 3.d4 cxd4 4.Nxd4 Nc6 5.Nc3 Qc7 6.f4 a6 7.Nf3 Bc5 8.Bd3 b5
9.a3 Bb7 10.Qe2 Nd4 11.Nxd4 Bxd4 12.Nd1 Ne7 13.c3 Bc5 14.Be3 Bxe3 15.Qxe3 O-O
16.O-O f5 17.e5 Kh8 18.Be2 g5 19.fxg5 Ng6 20.Bf3 f4 21.Qd4 Bxf3 22.Rxf3 Qxe5
23.Nf2 Qxd4 24.cxd4 Rac8 25.b3 Rf5 26.Nh3 Rcf8 27.Raf1 Kg7 28.R1f2 d6 29.g3 fxg3
30.Rxg3 Nh4 31.Rxf5 Rxf5 32.Rg4 Nf3+ 33.Kg2 Ne1+ 34.Kg1 Nc2 35.Re4 Kf7 36.Kg2 d5
37.Rh4 Kg7 38.Kg3 a5 39.a4 b4 40.Kg4 Ne3+ 41.Kg3 Rf1 42.Rh6 Nf5+ 43.Kg2 Re1
44.Rf6 Re2+ 45.Kg1 Re4 46.Nf2 Re1+ 47.Kg2 Nxd4 48.Nd3 Re2+ 49.Kg1 Re4 50.h3 Re3
51.Nf4 Rg3+  0-1

[Event "ch-IND"]
[Site "Visakhapatnam IND"]
[Date "2004.12.10"]
[Round "9"]
[White "Barua,D"]
[Black "Kunte,A"]
[Result "0-1"]
[WhiteElo "2525"]
[BlackElo "2550"]

1.e4 c5 2.Nf3 e6 3.d4 cxd4 4.Nxd4 Nc6 5.Nc3 d6 6.Be2 Nf6 7.O-O Be7 8.Be3 O-O
9.f4 e5 10.fxe5 dxe5 11.Nf5 Bxf5 12.Rxf5 Rc8 13.h3 Qxd1+ 14.Rxd1 Rfd8 15.Rdf1 Bb4
16.Rxf6 gxf6 17.Nd5 Be7 18.Bg4 Ra8 19.c3 b5 20.Nxf6+ Bxf6 21.Rxf6 Ne7 22.Ra6 Ng6
23.g3 Nf8 24.Be2 Rdb8 25.Bd1 Nd7 26.a4 b4 27.c4 Rd8 28.Be2 Nb8 29.Rh6 Kg7
30.g4 Nd7 31.Ra6 Nb8 32.Bh6+ Kh8 33.Rf6 Kg8 34.Rf5 Rd6 35.g5 Nd7 36.Bh5 Rg6
37.Rf2 Nc5 38.Rd2 Nxa4 39.Rd7 Nc5 40.Rd5 Rc6 41.Rxe5 a5 42.Re7 Rg6 43.Re5 a4
44.Rxc5 a3 45.bxa3 bxa3 46.Rf5 a2 47.Rf1 a1=Q 48.Rxa1 Rxa1+ 49.Kg2 Rc1 50.Bxg6 fxg6
51.Kf3 Rxc4 52.Kf4 Kf7 53.h4 Ra4 54.Ke5 Ra7 55.Kd5 Ra1 56.Ke5 Rh1 57.Kd5 Rxh4
58.Ke5 Rh1 59.Kd5 Ra1 60.Ke5 Rg1  0-1

[Event "IX It"]
[Site "Elgoibar ESP"]
[Date "2004.12.11"]
[Round "1"]
[White "Perez Candelario,Man"]
[Black "Ivanov,J"]
[Result "1/2-1/2"]
[WhiteElo "2474"]
[BlackElo "2395"]

1.e4 c5 2.Nc3 Nc6 3.Nge2 e6 4.d4 cxd4 5.Nxd4 d6 6.Be3 Nf6 7.Be2 Be7 8.O-O Bd7
9.f4 Nxd4 10.Bxd4 Bc6 11.Qe1 O-O 12.Qg3 g6 13.Bd3 Nh5 14.Qf2 Nxf4 15.Qxf4 e5
16.Qf2  1/2-1/2

[Event "Bundesliga 2004-5"]
[Site "Porz GER"]
[Date "2004.12.11"]
[Round "5"]
[White "Schmaltz,R"]
[Black "Rudolf,Hen"]
[Result "0-1"]
[WhiteElo "2528"]
[BlackElo "2322"]

1.e4 c5 2.Nf3 e6 3.d4 cxd4 4.Nxd4 Nc6 5.Nc3 Qc7 6.f4 Nxd4 7.Qxd4 a6 8.Be3 b5
9.O-O-O Bb7 10.Kb1 Rc8 11.Bd3 Nf6 12.e5 Ng4 13.Ne4 Bxe4 14.Bxe4 Bc5 15.Qxc5 Qxc5
16.Bxc5 Rxc5 17.Rd6 Rc4 18.Re1 f5 19.exf6 Nxf6 20.Rxa6 Ke7 21.Bd3 Rxf4 22.Bxb5 Rf2
23.Ra7 Rxg2 24.Rd1 Rd8 25.a4 Rxh2 26.Rb7 g5 27.a5 g4 28.a6 g3 29.Rg1 g2 30.Ka2 Ra8
31.a7 Kd6 32.b4 h5 33.Ba4 h4 34.b5 h3 35.Rd1+ Ke5 36.b6 Rh1 37.Rc7 Rxd1 38.b7 Ra1+
39.Kb2  0-1

[Event "Bundesliga 2004-5"]
[Site "Porz GER"]
[Date "2004.12.11"]
[Round "5"]
[White "Enders,P"]
[Black "Marxen,P"]
[Result "1-0"]
[WhiteElo "2456"]
[BlackElo "2212"]

1.e4 c5 2.Nf3 Nc6 3.d4 cxd4 4.Nxd4 e6 5.Nc3 Qc7 6.Be3 a6 7.Qd2 Nf6 8.O-O-O b5
9.f3 Bb7 10.g4 Be7 11.Kb1 Nxd4 12.Bxd4 d6 13.g5 Nh5 14.Bh3 e5 15.Be3 O-O
16.Bg4 Nf4 17.Bxf4 exf4 18.Qxf4 b4 19.Nd5 Bxd5 20.Rxd5 a5 21.Qf5 a4 22.Qd7 Qxd7
23.Bxd7 a3 24.bxa3 bxa3 25.c4 Rab8+ 26.Bb5 Rfc8 27.Kc2 Rc5 28.Rxc5 dxc5 29.f4 Rd8
30.Re1 Rd4 31.Re3 Bd6 32.e5 Be7 33.Rf3 Bd8 34.h3 g6 35.Kb3 Ba5 36.Bc6 Bb4
37.Bd5 Rd2 38.f5 Rb2+ 39.Ka4 gxf5 40.Rxf5 Bc3 41.Rf3 Rb4+ 42.Ka5 Bxe5 43.Rxf7 Bg7
44.Rc7+ Kf8 45.Rxc5 Bc3 46.Ka6 Ke7 47.Rb5 Kd6 48.Bg8 Ra4+ 49.Kb7 Ke7 50.c5  1-0

[Event "Master Open"]
[Site "Singapore SIN"]
[Date "2004.12.12"]
[Round "2"]
[White "El Arousy,A"]
[Black "Satyapragyan,S"]
[Result "0-1"]
[WhiteElo "2388"]
[BlackElo "2370"]

1.e4 c5 2.Nf3 e6 3.d4 cxd4 4.Nxd4 Nc6 5.Nc3 Qc7 6.Be3 a6 7.Be2 Nf6 8.O-O d6
9.f4 Be7 10.Kh1 O-O 11.Qe1 Nxd4 12.Bxd4 b5 13.Bd3 Bb7 14.Qg3 b4 15.e5 dxe5
16.Bxe5 Qd8 17.Ne4 Nh5 18.Qh3 g6 19.Rad1 Qd5 20.b3 Rad8 21.Rde1 Qc6 22.Re3 f6
23.Ba1 Ng7 24.Re2 a5 25.Nd2 Qc7 26.Nc4 Rd5 27.Qg4 Rh5 28.Qg3 g5 29.Be4 Ba6
30.Bd3 Rh4 31.Ref2 Bb7 32.Qe3 Bc5 33.Bd4 gxf4 34.Rxf4 Bxd4 35.Qxd4 e5 36.Qd6 Qxd6
37.Nxd6 Rxf4 38.Rxf4 exf4 39.Nxb7 Re8 40.Kg1 Re5 41.Kf2 Nf5 42.Nd8 Nd4 43.Nb7 h5
44.Nd6 Kg7 45.Nb7 h4 46.Nd6 Rc5 47.a3 Rc4 48.Bxc4 bxa3 49.b4 axb4 50.Ke1 b3  0-1

[Event "IX It"]
[Site "Elgoibar ESP"]
[Date "2004.12.13"]
[Round "3"]
[White "Cheparinov,I"]
[Black "Ivanov,J"]
[Result "1-0"]
[WhiteElo "2576"]
[BlackElo "2395"]

1.e4 c5 2.Nf3 e6 3.d4 cxd4 4.Nxd4 Nc6 5.Nc3 d6 6.Be3 Nf6 7.Qd2 Be7 8.f3 O-O
9.g4 a6 10.O-O-O Nxd4 11.Bxd4 b5 12.g5 Nd7 13.h4 Qc7 14.Kb1 b4 15.Na4 Bb7
16.Qxb4 Bc6 17.Nc3 Rfb8 18.Qc4 Ne5 19.Qe2 Bb5 20.Nxb5 axb5 21.Qe3 Rxa2 22.Kxa2 Qxc2
23.Bxb5 Ra8+ 24.Ba7 Qc7 25.Kb1 Rxa7 26.Rc1 Qa5 27.Rc8+ Bf8 28.Qd4 Qa1+ 29.Kc2 Qxh1
30.Rxf8+  1-0

[Event "It"]
[Site "Subotica SCG"]
[Date "2004.12.14"]
[Round "7"]
[White "Farkas,Ti"]
[Black "Vidic,S"]
[Result "1-0"]
[WhiteElo "2336"]
[BlackElo "2267"]

1.e4 c5 2.Nf3 e6 3.Nc3 Nc6 4.d4 cxd4 5.Nxd4 a6 6.g3 d6 7.Bg2 Qc7 8.O-O Nf6
9.Re1 Be7 10.Nxc6 bxc6 11.e5 dxe5 12.Rxe5 O-O 13.Bf4 Qd7 14.Na4 Ra7 15.Re2 Nd5
16.Be5 Rd8 17.Rd2 Qe8 18.c4 Nf6 19.Rxd8 Bxd8 20.Bxc6 Bd7 21.Bxd7 Rxd7 22.Qe2 Be7
23.Rc1 Rd8 24.b3 Qc6 25.Rd1 Rxd1+ 26.Qxd1 Nd7 27.Bc3 f6 28.Qd2 Kf7 29.Qd3 g6
30.h4 h5 31.Qe3 e5 32.Qd2 Ke6 33.Bb4 Bxb4 34.Qxb4 e4 35.Qd2 Ne5 36.Qe3 Kf5
37.Qf4+ Ke6 38.Nc3 f5 39.Qe3 Nf3+ 40.Kg2 Ke5 41.c5 a5 42.a3 Qa6 43.a4 Qc6
44.Ne2 Ne1+ 45.Kf1 Nd3 46.Qd4+ Ke6 47.Nf4+ Nxf4 48.gxf4 e3 49.Qxe3+ Kf7 50.f3 Qd5
51.Qc3 Qd1+ 52.Kf2 Qh1 53.c6 Qh2+ 54.Ke3 Qg1+ 55.Kd3 Qd1+ 56.Kc4 Qd6 57.Kb5 Qb8+
58.Kxa5 Qa7+ 59.Kb4 Qe7+ 60.Kb5 Qe2+ 61.Qc4+  1-0

[Event "Open"]
[Site "Zadar CRO"]
[Date "2004.12.14"]
[Round "2"]
[White "Zufic,M"]
[Black "Delchev,A"]
[Result "0-1"]
[WhiteElo "2370"]
[BlackElo "2601"]

1.e4 c5 2.Nf3 e6 3.d4 cxd4 4.Nxd4 Nc6 5.Nc3 Qc7 6.Be3 a6 7.Qd2 Nf6 8.O-O-O Bb4
9.f3 Ne5 10.Nb3 b5 11.Kb1 Nc4 12.Bxc4 bxc4 13.Nc1 Rb8 14.Bf4 e5 15.Bg5 Qb6
16.N1e2 O-O 17.Bxf6 Ba3 18.b3 Qxf6 19.Nd5 Qd8 20.Ng3 a5 21.Nf5 Re8 22.g4 Bb7
23.g5 Bxd5 24.Qxd5 cxb3 25.axb3 Qc7 26.Rd3 Rec8 27.Ne3 Bc5 28.Rc3 a4 29.Nf5 d6
30.Rd1 axb3 31.cxb3 Qa7 32.Nxd6 Ra8 33.Qxf7+ Qxf7 34.Nxf7 Kxf7 35.Rdc1 Ra5
36.Rc4 Rb8 37.R1c3 Rbb5 38.Kc2 Kg6 39.h4 Kh5 40.Rd3 Bd4 41.b4 Ra7 42.Rd1 Kxh4
43.Rh1+ Kxg5 44.Rxh7 Kf4 45.Rh5 Kxf3 46.Rxd4 Kg4  0-1

[Event "III Pereyra Mem"]
[Site "Mendoza ARG"]
[Date "2004.12.15"]
[Round "7"]
[White "Van Riemsdijk,H"]
[Black "Caceres,S"]
[Result "1-0"]
[WhiteElo "2423"]
[BlackElo "2202"]

1.e4 c5 2.Nf3 e6 3.d4 cxd4 4.Nxd4 Nc6 5.Nc3 Qc7 6.g3 a6 7.Bg2 Nf6 8.O-O Be7
9.Re1 d6 10.Nxc6 bxc6 11.e5 dxe5 12.Rxe5 O-O 13.Bf4 Qb7 14.Na4 Rd8 15.Bd2 Nd5
16.Qe1 Qb5 17.b3 Bf6 18.c4 Qb8 19.Re2 Ne7 20.Ba5 Re8 21.Rd1 Ra7 22.Red2 g6
23.Nc5 Be5 24.Ne4 h6 25.Nd6 Bxd6 26.Rxd6 Kh7 27.Qe5 Nf5 28.c5 Nxd6 29.Rxd6 Bd7
30.Qf6 Rg8 31.Qxf7+ Rg7 32.Qf6 Qe8 33.Bc3 Rf7 34.Qe5 Qf8 35.f4 Rf5 36.Qe3 Rf7
37.h4 h5 38.Be4 Re7 39.Qe2 Qh6 40.Bf6 Rf7 41.Bg5 Qg7 42.Qxh5+ Kg8 43.Bxg6  1-0

[Event "Revolution Mem"]
[Site "Bucharest ROM"]
[Date "2004.12.16"]
[Round "2"]
[White "Cioara,A"]
[Black "Nita,L"]
[Result "1-0"]
[WhiteElo "2387"]
[BlackElo "2205"]

1.e4 c5 2.Nf3 e6 3.d4 cxd4 4.Nxd4 Nc6 5.Nc3 Qc7 6.g3 a6 7.Bg2 d6 8.O-O Bd7
9.a4 Nxd4 10.Qxd4 Ne7 11.b3 Nc6 12.Qd2 Be7 13.Bb2 O-O 14.Rad1 Qa5 15.Kh1 Rfd8
16.f4 Bf6 17.Rf3 Bd4 18.Rd3 e5 19.f5 f6 20.g4 h6 21.h4 Rac8 22.g5 hxg5 23.hxg5 Kf7
24.g6+ Kf8 25.Ba3 Be8 26.b4 Nxb4 27.Nd5 Nxd3 28.Qxa5 Nf2+ 29.Kh2 Nxd1 30.Qe1 Nf2
31.c3 Ba7 32.Qd2 Bxa4 33.Nxf6 gxf6 34.Qh6+ Ke8 35.Qh7 Ng4+ 36.Kh1 Nf2+ 37.Kg1 Nh3+
38.Kh2 Ng5 39.Qxb7 Rxc3 40.g7 Bb3 41.Qxb3 Rxb3 42.g8=Q+ Ke7 43.Qxb3 Bf2 44.Qb7+ Rd7
45.Qxa6 Ra7 46.Qxd6+ Ke8 47.Qf8+ Kd7 48.Qxf6 Be3 49.Qe7+ Kc8 50.Qe8+ Kb7
51.Qxe5 Kb6 52.Qd6+ Kb7 53.f6 Kc8 54.Qf8+ Kc7 55.Bd6+ Kb6 56.Qb8+  1-0

[Event "Bykova Mem"]
[Site "Vladimir RUS"]
[Date "2004.12.16"]
[Round "9"]
[White "Pogonina,N"]
[Black "Kursova,M"]
[Result "1/2-1/2"]
[WhiteElo "2385"]
[BlackElo "2315"]

1.e4 c5 2.Nf3 e6 3.d4 cxd4 4.Nxd4 Nc6 5.Nc3 Qc7 6.Nb3 Nf6 7.Bd3 a6 8.O-O b5
9.a3 d6 10.f4 Bb7 11.Qf3 Be7 12.Kh1 O-O 13.Bd2 Rab8 14.Rae1 b4 15.axb4 Nxb4
16.Nb5 axb5 17.Bxb4 d5 18.Bxe7 dxe4 19.Bxe4 Bxe4 20.Rxe4 Qxe7 21.Re2 Qb4
22.Rd1 Rbc8 23.g3 g6 24.Qd3 Rc4 25.Qd6 Qxd6 26.Rxd6 Rfc8 27.Nd4 Ne8 28.Rd7 Nf6
29.Rd6 b4 30.b3 R4c5 31.Re1 Ra8 32.Rc6 Rca5 33.Rc4 Nd5 34.Nc6 Ra1 35.Rg1 R1a2
36.Re1 Ra1 37.Rg1  1/2-1/2

[Event "Master Open"]
[Site "Singapore SIN"]
[Date "2004.12.17"]
[Round "8"]
[White "Zhang Pengxiang"]
[Black "Satyapragyan,S"]
[Result "1-0"]
[WhiteElo "2519"]
[BlackElo "2370"]

1.e4 c5 2.Nf3 Nc6 3.d4 cxd4 4.Nxd4 e6 5.Nc3 Bb4 6.Nxc6 dxc6 7.Qxd8+ Kxd8
8.Bg5+ f6 9.O-O-O+ Ke8 10.Be3 Nh6 11.a3 Bxc3 12.bxc3 Ng4 13.Bc5 b6 14.h3 Ne5
15.Bd6 Nf7 16.f4 Nxd6 17.Rxd6 Ke7 18.Rxc6 Bd7 19.Rc7 Rhc8 20.Rb7 Rcb8 21.Rxb8 Rxb8
22.Bd3 Rc8 23.Kb2 Rc5 24.h4 h6 25.g3 Bc6 26.Rh2 Bb7 27.Kb3 Bc6 28.c4 Be8
29.Re2 e5 30.f5 Bf7 31.Rd2 Rb5+ 32.Kc3 Ra5 33.Kb4 Rc5 34.a4 Be8 35.Rd1 a5+
36.Ka3 Kd6 37.Rb1 Kc7 38.Rg1 Bf7 39.Kb3 Kd6 40.g4 Ke7 41.Kc3 Rc6 42.g5 hxg5
43.hxg5 fxg5 44.Rxg5 Kf6 45.Rg1 g6 46.Rf1 gxf5 47.Rxf5+ Ke6 48.c5 Bg6 49.Bc4+ Ke7
50.Rxe5+ Kf6 51.Kd4 bxc5+ 52.Rxc5  1-0

[Event "IX It"]
[Site "Elgoibar ESP"]
[Date "2004.12.18"]
[Round "8"]
[White "Perez Candelario,Man"]
[Black "Saldano,H"]
[Result "1-0"]
[WhiteElo "2474"]
[BlackElo "2482"]

1.e4 c5 2.Nc3 e6 3.Nf3 Nc6 4.d4 cxd4 5.Nxd4 Qc7 6.Be3 a6 7.Qd2 Nf6 8.f3 Bb4
9.O-O-O Ne5 10.Nb3 b5 11.Qe1 Nc4 12.Bd4 O-O 13.e5 Bxc3 14.Bxc3 Nd5 15.Bd4 a5
16.Nc5 a4 17.a3 f6 18.exf6 Nxf6 19.Bxc4 bxc4 20.Qg3 e5 21.Qxe5 d6 22.Qg3 Nh5
23.Qh4 dxc5 24.Qxh5 Bf5 25.Bc3 Rab8 26.Qh4 Qf7 27.Rhe1 Rb7 28.Rd8 h6 29.Rxf8+ Qxf8
30.Qxc4+ Kh7 31.Qxa4 Qd6 32.g4 Bg6 33.h4 c4 34.Qxc4 Rc7 35.Qe2 Rxc3 36.bxc3 Qxa3+
37.Kd1 Qxc3 38.Rf1 Qa1+ 39.Kd2 Qa5+ 40.c3 Qd8+ 41.Kc1 Qxh4 42.Rd1 Qf6 43.Qe3 Qa6
44.Kd2 Qd6+ 45.Qd4 Qh2+ 46.Ke3 Bc2 47.Rc1 Bg6 48.c4 Qa2 49.c5 Qe6+ 50.Kf2 Qa2+
51.Kg3 Qa7 52.Qe5 Qa5 53.Rd1 Qb5 54.Re1 Qc4 55.Ra1 Qf7 56.Ra6 Qb7 57.Rxg6  1-0

[Event "BC Masters"]
[Site "Bois Colombes FRA"]
[Date "2004.12.22"]
[Round "4"]
[White "Sebag,M"]
[Black "Sulypa,A"]
[Result "0-1"]
[WhiteElo "2428"]
[BlackElo "2484"]

1.e4 c5 2.Nf3 e6 3.d4 cxd4 4.Nxd4 Nc6 5.Nc3 Qc7 6.Be3 a6 7.Qd2 Nf6 8.O-O-O Bb4
9.f3 Ne5 10.Nb3 b5 11.Kb1 Be7 12.Qf2 d6 13.Bb6 Qb8 14.Bd4 O-O 15.g4 Bb7 16.g5 Nfd7
17.Rg1 b4 18.Ne2 Rc8 19.Ng3 a5 20.f4 a4 21.Nc1 Nc6 22.Be3 b3 23.cxb3 axb3
24.a3 Na5 25.f5 Qc7 26.Bd3 Ne5 27.f6 Bf8 28.Bd4 Ba6 29.Bc3 Nac4 30.Bxc4 Nxc4
31.Nce2 d5 32.fxg7 Bxg7 33.Rc1 Nd2+ 34.Ka1 Bxe2 35.Nxe2 Qd6  0-1

[Event "Asian Juniors Girls"]
[Site "Bikaner IND"]
[Date "2004.12.25"]
[Round "6"]
[White "Amrutha,M"]
[Black "Kavitha,J"]
[Result "1-0"]
[WhiteElo "2104"]
[BlackElo "2088"]

1.e4 c5 2.Nf3 e6 3.d4 cxd4 4.Nxd4 Nc6 5.Nc3 a6 6.g3 Qc7 7.Bg2 Nf6 8.O-O d6
9.a4 Be7 10.Nb3 O-O 11.f4 Bd7 12.g4 Na5 13.g5 Ne8 14.Nxa5 Qxa5 15.Be3 Bc6
16.Qd2 Bd8 17.Qf2 Qc7 18.Bh3 Qe7 19.Qg3 Kh8 20.Rac1 f6 21.g6 hxg6 22.Qxg6 Nc7
23.f5 Qe8 24.Qg3 e5 25.Qh4+ Kg8 26.Rcd1 Be7 27.Kf2 Qf7 28.Rg1 Rfd8 29.Rg6 Bf8
30.Rdg1 Be8  1-0

[Event "Open"]
[Site "Pamplona ESP"]
[Date "2004.12.25"]
[Round "5"]
[White "Huerga Leache,M"]
[Black "Ivanov,J"]
[Result "1-0"]
[WhiteElo "2139"]
[BlackElo "2395"]

1.e4 c5 2.Nc3 Nc6 3.Nf3 e6 4.d4 cxd4 5.Nxd4 Nf6 6.Ndb5 Bb4 7.a3 Bxc3+ 8.Nxc3 d5
9.Bd3 dxe4 10.Nxe4 Nxe4 11.Bxe4 Qxd1+ 12.Kxd1 Bd7 13.f3 e5 14.Be3 f5 15.Bxc6 Bxc6
16.Ke2 f4 17.Bd2 O-O-O 18.Rad1 g5 19.Kf2 e4 20.fxe4 Bxe4 21.Bc3 Rhf8 22.Rxd8+ Kxd8
23.Rd1+ Kc7 24.Re1 Bf5 25.Bb4 Rf6 26.Be7 Rg6 27.Re5 Kd7 28.Rxf5 Kxe7 29.h4 h6
30.hxg5 hxg5 31.Ra5 a6 32.Kf3 b5 33.a4 bxa4 34.Rxa4 Rb6 35.b3 Re6 36.Re4 a5
37.Rxe6+ Kxe6 38.Ke4 Kd6 39.Kf5 Kc5 40.Kxg5 Kb4 41.Kxf4 Kc3 42.g4 Kxc2 43.g5 Kxb3
44.g6 a4 45.g7 a3 46.g8=Q+ Kb2 47.Qb8+ Ka1 48.Qe5+ Kb1 49.Qe1+ Kb2 50.Qb4+  1-0

[Event "Asian Juniors"]
[Site "Bikaner IND"]
[Date "2004.12.27"]
[Round "8"]
[White "Navin,K"]
[Black "Hasan,Me"]
[Result "1-0"]
[WhiteElo "2058"]
[BlackElo "2251"]

1.e4 c5 2.Ne2 e6 3.Nbc3 Nc6 4.d4 cxd4 5.Nxd4 Qc7 6.Be3 a6 7.Be2 Nf6 8.f4 Bb4
9.Bf3 Na5 10.Ne2 Nc4 11.Bc1 O-O 12.a3 Ba5 13.Qd3 d5 14.e5 Nd7 15.b3 Ncxe5
16.fxe5 Nxe5 17.Qd4 Nxf3+ 18.gxf3 e5 19.Qd3 Bf5 20.Qd2 d4 21.b4 dxc3 22.Qg5 Bxc2
23.bxa5 Bd3 24.Rg1 f6 25.Qe3 Qc4 26.Kf2 e4 27.f4 Rac8 28.Ng3 Qa4 29.Nf5 Rc7
30.Qb6 Rd7 31.Kg3 Qc4 32.Be3 Qf7 33.Kf2 Qh5 34.Qe6+ Kh8 35.Rg2 Qf3+ 36.Kg1 Bb5
37.h4 c2 38.Kh2 Qh5 39.Rxc2 Re8 40.Ng3 Qxh4+ 41.Qh3 Qxh3+ 42.Kxh3 Rd3 43.Re1 Rxa3
44.Bb6 Bc6 45.Re3 Rxe3 46.Bxe3 Rd8 47.Kg2 Kg8 48.Kf2 g6 49.Rd2 Rxd2+ 50.Bxd2 f5
51.Nf1 Kf7 52.Ke3 h6 53.Kf2 Ke6 54.Ne3 g5 55.Kg3 Bb5 56.Bb4 g4 57.Bf8 h5
58.Bb4 Be8 59.Kh4 Kf6 60.Bc3+ Kg6 61.Nf1 Bb5 62.Ng3 e3 63.Nxh5 Bc6 64.Ng3 Bb5
65.Bd4 e2 66.Bc3 Bd3 67.Nh1 Kf7 68.Kg3 Ke6 69.Kf2 Kd5 70.Ng3 Kc4 71.Be5 Kd5
72.Nxe2 Bc2 73.Ke3 Kc4 74.Bc7 Be4 75.Ng3 Bc2 76.Nh5 Kd5 77.Nf6+ Ke6 78.Nh5 Kd5
79.Bb6 Kc4 80.Nf6 Ba4 81.Kf2 Bc6 82.Kg3 Kd3 83.Kh4 Kc4 84.Kg5 Kb5 85.Nh5 Bd7
86.Ng3 Kc4 87.Nxf5 Kd3 88.Ng3 Kc4 89.f5 Kd5 90.Kxg4 Kc6 91.Kg5 Bxf5 92.Kxf5 Kd7
93.Ke5 Kc8 94.Kd6 Kb8 95.Kd7 Ka8 96.Ne4 Kb8 97.Bd4 Ka8 98.Kc8  1-0

[Event "Russian Blitz Internet Cup Superfinal"]
[Site "chessassistantclub.com INT"]
[Date "2004.12.28"]
[Round "14"]
[White "Panarin,M"]
[Black "Rublevsky,S"]
[Result "0-1"]
[WhiteElo "2482"]
[BlackElo "2649"]

1.e4 c5 2.Nf3 e6 3.d4 cxd4 4.Nxd4 Nc6 5.Nc3 a6 6.Be3 Nf6 7.f3 Bb4 8.Qd2 d5
9.a3 Qa5 10.Nb3 Bxc3 11.bxc3 Qc7 12.Bd3 dxe4 13.fxe4 O-O 14.O-O b6 15.Rxf6 gxf6
16.Bh6 Ne5 17.Bxf8 Kxf8 18.Qh6+ Ke7 19.Rf1 Ng6 20.h4 Qe5 21.Nd4 Bb7 22.h5 Nf8
23.Rb1 Nd7 24.Nf3 Qxc3 25.Qxh7 f5 26.exf5 Rh8 27.Rb3 Qc5+  0-1

[Event "Czech Christmas"]
[Site "Litomysl CZE"]
[Date "2004.12.28"]
[Round "4"]
[White "Cernousek,L"]
[Black "Laznicka,V"]
[Result "1/2-1/2"]
[WhiteElo "2343"]
[BlackElo "2478"]

1.e4 c5 2.Nf3 Nc6 3.d4 cxd4 4.Nxd4 e6 5.Nc3 Qc7 6.Be3 a6 7.Bd3 Nf6 8.O-O Ne5
9.Nf3 Nfg4 10.Nxe5 Nxe3 11.Qh5 g6 12.Qf3 Qxe5 13.fxe3 f6 14.Qxf6 Qxf6 15.Rxf6 Bg7
16.Rff1 b5  1/2-1/2